| 000 | 01199nam a2200301 a 4500 | ||
|---|---|---|---|
| 001 | 72620 | ||
| 003 | BD-RjUL | ||
| 005 | 20211209082304.0 | ||
| 008 | 170521s2004 ph a b i001 0 eng | ||
| 020 | _a9719314400 | ||
| 035 | _a(BD-RjUL)72838 | ||
| 040 |
_aDLC _beng _cDLC _dDLC _erda |
||
| 041 | _aeng | ||
| 082 |
_223 _a634.9 _bDZR 2004 |
||
| 100 | 1 |
_aDzung, Nguyen Huy, _9214801 |
|
| 245 | 1 | 4 |
_aThe return of limestone forests, northeastern Viet Nam : _ba collaborative study / _cNguyen Huy Dzung ...[et. al] |
| 260 |
_aBohol, Philippines : _bAsia Forest Network, _c2004. |
||
| 300 |
_avii, 45 p. : _bill. : _c28 cm. |
||
| 490 | 0 | _aCommunity forest management trends in Southeast Asia | |
| 490 | 0 |
_aResearch network report ; _vnumber 11 |
|
| 504 | _aIncludes bibliographical references (pages 41-44). | ||
| 650 | 0 |
_aForests and forestry _9214802 |
|
| 710 | 2 |
_aAsia Forest Network, _eissuing body. _9214803 |
|
| 710 | 2 |
_aViện điều tra quy hoạch rừng (Vietnam) _eissuing body. _9214804 |
|
| 710 | 2 |
_aTrung tâm tài nguyên và môi trường lâm nghiệp (Vietnam) _eissuing body. _9214805 |
|
| 830 |
_aCommunity forest management trends in Southeast Asia _9203326 |
||
| 942 |
_2ddc _cBK |
||
| 999 |
_c72620 _d72620 |
||